[Event "SVK-chT2D 1819"]
[Site "Slovakia"]
[Date "2018.10.14"]
[Round "2.8"]
[White "Gajdosova, Bernadeta"]
[Black "Drozdik, Ivan"]
[Result "0-1"]
[WhiteElo "1671"]
[BlackElo "1850"]
[PlyCount "46"]
[EventDate "2018.10.13"]
[EventType "team-tourn"]
[EventRounds "11"]
[EventCountry "SVK"]
[SourceTitle "CBM 187 Extra"]
[Source "ChessBase"]
[SourceDate "2018.11.04"]
[SourceVersion "1"]
[SourceVersionDate "2018.11.04"]
[SourceQuality "1"]
[WhiteTeam "Kosice Slavia UPJS III"]
[BlackTeam "Poprad LS VD"]
[WhiteTeamCountry "SVK"]
[BlackTeamCountry "SVK"]

1. e4 e5 2. Nf3 Nc6 3. Bc4 Bc5 4. 0-0 Nf6 5. d3 h6 6. Nc3 0-0 7. Qe2 d6 8. h3 a6 9. Be3 Bxe3 10. Qxe3 Na5 11. Bb3 Nxb3 12. axb3 Nh7 13. Rad1 f5 14. d4 fxe4 15. Nxe4 exd4 16. Qxd4 Bxh3 17. Qd5+ Kh8 18. Qxb7 Bg4 19. Ned2 Ng5 20. Nxg5 Qxg5 21. Ne4 Qg6 22. Rd2 Bf3 23. g3 Qh5 0-1

[Event "SVK-ch U16/U20 Girls"]
[Site "Liptovsky Mikulas"]
[Date "2018.04.24"]
[Round "6"]
[White "Gajdosova, Bernadeta"]
[Black "Cabanova, Kristina"]
[Result "1/2-1/2"]
[WhiteElo "1491"]
[BlackElo "1713"]
[PlyCount "81"]
[EventDate "2018.04.21"]
[EventType "swiss"]
[EventRounds "9"]
[EventCountry "SVK"]
[SourceTitle "CBM 184 Extra"]
[Source "ChessBase"]
[SourceDate "2018.06.28"]
[SourceVersion "1"]
[SourceVersionDate "2018.06.28"]
[SourceQuality "1"]

1. e4 e6 2. d4 d5 3. exd5 exd5 4. Nf3 Nf6 5. Bd3 Bd6 6. 0-0 0-0 7. Nc3 c6 8. Re1 Bg4 9. h3 Bh5 10. Be3 Nbd7 11. Nb1 Qc7 12. Nbd2 Rfe8 13. c3 Ne4 14. Qc2 Ndf6 15. Be2 Bg6 16. Bd3 Rad8 17. Rad1 Re7 18. Qa4 Ree8 19. Qc2 Bh5 20. Be2 Bg6 21. Bd3 Nxd2 22. Bxd2 Bxd3 23. Qxd3 Rxe1+ 24. Rxe1 Re8 25. Rxe8+ Nxe8 26. Ng5 Nf6 27. Qc2 Qe7 28. Kf1 h6 29. Nf3 Qe4 30. Qxe4 Nxe4 31. Ke2 Kf8 32. Nh4 Be7 33. Nf5 Nxd2 34. Kxd2 g6 35. Nxe7 Kxe7 36. Ke3 Ke6 37. f4 f5 38. h4 a5 39. b4 a4 40. a3 b5 41. g3 1/2-1/2

[Event "SVK-ch U16/U20 Girls"]
[Site "Liptovsky Mikulas"]
[Date "2018.04.22"]
[Round "3"]
[White "Gajdosova, Bernadeta"]
[Black "Majirska, Karin"]
[Result "1/2-1/2"]
[WhiteElo "1491"]
[BlackElo "1545"]
[PlyCount "69"]
[EventDate "2018.04.21"]
[EventType "swiss"]
[EventRounds "9"]
[EventCountry "SVK"]
[SourceTitle "CBM 184 Extra"]
[Source "ChessBase"]
[SourceDate "2018.06.28"]
[SourceVersion "1"]
[SourceVersionDate "2018.06.28"]
[SourceQuality "1"]

1. e4 c5 2. Nf3 Nc6 3. d4 cxd4 4. Nxd4 g6 5. Nc3 Bg7 6. Be3 Nf6 7. Be2 0-0 8. 0-0 d5 9. exd5 Nxd5 10. Nxc6 bxc6 11. Bd4 Nxc3 12. Bxc3 Bxc3 13. bxc3 Bf5 14. Bd3 Qc8 15. Qe2 Be6 16. Rfe1 Rd8 17. a3 Qc7 18. Qe5 Qxe5 19. Rxe5 Rd5 20. Rxd5 Bxd5 21. c4 Be6 22. Rb1 Rd8 23. Rb7 Rd7 24. Rxd7 Bxd7 25. c5 Kg7 26. f4 Kf6 27. Kf2 Ke6 28. Be4 f5 29. Bf3 Kf6 30. h4 e5 31. fxe5+ Kxe5 32. c3 h6 33. Ke3 g5 34. hxg5 hxg5 35. g3 1/2-1/2

[Event "SVK-ch U16/U20 Girls"]
[Site "Liptovsky Mikulas"]
[Date "2018.04.21"]
[Round "1"]
[White "Ucekajova, Veronika"]
[Black "Gajdosova, Bernadeta"]
[Result "1/2-1/2"]
[WhiteElo "1802"]
[BlackElo "1491"]
[PlyCount "91"]
[EventDate "2018.04.21"]
[EventType "swiss"]
[EventRounds "9"]
[EventCountry "SVK"]
[SourceTitle "CBM 184 Extra"]
[Source "ChessBase"]
[SourceDate "2018.06.28"]
[SourceVersion "1"]
[SourceVersionDate "2018.06.28"]
[SourceQuality "1"]

1. e4 e5 2. Nf3 Nc6 3. d4 exd4 4. Nxd4 Bc5 5. Nb3 Bb6 6. Nc3 Nf6 7. Qe2 Qe7 8. Bg5 Nd4 9. Nxd4 Bxd4 10. Nd5 Qc5 11. c3 Be5 12. f4 h6 13. Bxf6 Bxf6 14. Nxf6+ gxf6 15. 0-0-0 d6 16. Rd5 Qc6 17. Qh5 a6 18. f5 Qa4 19. Rd4 Qxa2 20. Bc4 Qa1+ 21. Kc2 Qa4+ 22. Bb3 Qd7 23. Qg4 Qe7 24. Qg7 Rf8 25. Kd1 h5 26. Qh6 Bd7 27. Qxh5 0-0-0 28. Qf3 Bc6 29. Re1 Rde8 30. Bd5 Bb5 31. Bb3 Qe5 32. h3 Bc6 33. Bd5 Bb5 34. Bb3 Bc6 35. Ba4 b5 36. Bb3 Bb7 37. Qd3 Kd7 38. Qf3 c5 39. Rd5 Bxd5 40. Bxd5 Kc7 41. Kc2 Re7 42. Rh1 Rg8 43. g4 a5 44. h4 Kb6 45. h5 Rg7 46. Rh3 1/2-1/2